000 00496nam a22001817a 4500
999 _c2
_d2
003 OSt
005 20241126110327.0
008 160426b xxu||||| |||| 00| 0 eng d
020 _a0830723986
040 _cGBC
082 _a248.3 HAY;1
100 _aHayford, Jack W
_94419
245 _aWorship his majesty:
_bhow praising the king of kings will change your life
260 _aUSA:
_bRegal books
_cc2000
300 _a272p.
650 _2God-worship and love- Biblical teaching
942 _2ddc
_cBK
_012